000 00499nam a2200193Ia 4500
008 240509s9999 xx 000 0 und d
020 _a0000070990336
041 _aEng
082 _a005.133
082 _bL36
100 _aLIPSCHUTZ, Seymour : POE, Arthur
245 0 _aSchaum's outline of theory and problems of programming with Fortran
260 _bSingapore : McGraw-Hill
260 _c1982
300 _a314 p.
650 _aProgramming Languages
942 _2ddc
942 _cLBK
999 _c22543
_d22543
945 _a1
_bMadushi Gamage
_c1
_dMadushi Gamage